1373 1525 1443 1212 1354 1093 1318 1108 1347 1690 1625 1115 1808 1706 1425 1346 1691 1700 1306 1344 1726 1983 1584 1972 1197 1624 1282 1663 1558 1819 1073 1782 1035 1899 1394 1001 1680 1164 1074 1194 1798 1092 1557 1169 1125 1097 1152 1964 1360 1528 1103 1875 1513 1048 1174 1859 1061 1051 1707 1733 1208 1030 1709 1548 1856 1824 1605 1744 1736 1705 1034 1882 1514 1714 1152 1053 1276 1721 1078 1054 1344 1894 1575 1067 1429 1220 1336 1559 1033 1072 1719 1547 1210 1981 1537 1223 1913 1832 1756 BCNSPRNW ULIB Ver.6.0+V

เปลี่ยนเป็นภาษาไทย

Change to English
 แสดงรายละเอียดบรรณานุกรม
  กลับหน้าหลัก

Brief Record : Get Marc (ISO 2709) : E-mail record : QR code < ปิดหน้าต่าง
LEADER : 00000nam 2200000uu 4500
001    13399111741
003     ULIB
008    110707s2550||||th 000 0 tha d
020    9789747522495
050  4 D13^bป513บ 2550
100 0  ปองพล อดิเรกสาร
245 10 บันทึกการเดินทางสุดหล้าฟ้าเขียว กาลาปากอสและมาดากัสการ์ /^cปองพล อดิเรกสาร
246 31 กาลาปากอสและมาดากัสการ์
250    พิมพ์ครั้งที่ 1
260    กรุงเทพฯ :^bเอเรียส บุ๊คส์,^c2550
300    215 หน้า :^bภาพประกอบ ;^c22 ซม.
651  7 เอกวาดอร์^xภูมิประเทศและการท่องเที่ยว
651  7 มาดากัสการ์^xภูมิประเทศและการท่องเที่ยว
945    ^p280^l0^i023235
995    ทศพร
999 ^a ใช้งานได้ทุกระบบ
รายการนี้ยังไม่มีแท็ก
คุณยังไม่ได้ล็อกอิน คุณสามารถมีกิจกรรมร่วมกับเว็บไซต์ได้ แต่ต้องล็อกอินก่อน ::
  ล็อกอิน

รายการสื่อสารสนเทศ

ลำดับที่ ประเภท เลขเรียก/บาร์โค้ด สถานที่ สถานะ
- ไม่พบข้อมูล -

BibComment


ยังไม่เคยถูกคอมเมนท์

คอมเมนท์ทรัพยากรรายการนี้
  คอมเมนท์: บันทึกการเดินทางส..


 Copyright 2026. Bcnsprnw @Library